Law, practice & procedure of service tax : (Record no. 140260)
[ view plain ]
| 000 -LEADER | |
|---|---|
| fixed length control field | 00706nam a22001937a 4500 |
| 005 - DATE AND TIME OF LATEST TRANSACTION | |
| control field | 20170522164707.0 |
| 010 ## - LCCN (DPL NO) | |
| LC control number | ENG-118317-318 |
| 020 ## - INTERNATIONAL STANDARD BOOK NUMBER | |
| International Standard Book Number | 9788131250808 (Set of 2 vols) |
| Terms of availability | 2250.00 (Set of 2 vols) |
| 035 ## - SYSTEM CONTROL NUMBER | |
| System control number | EN-101849-850 |
| 037 ## - SOURCE OF ACQUISITION | |
| Source of stock number/acquisition | DBAD/PUB |
| 082 ## - DEWEY DECIMAL CLASSIFICATION NUMBER | |
| Classification number | 343.540552 |
| 100 ## - MAIN ENTRY--PERSONAL NAME | |
| Personal name | Mittal,J.K. |
| 245 ## - TITLE STATEMENT | |
| Title | Law, practice & procedure of service tax : |
| Remainder of title | as amended by finance act, 2017 / |
| Statement of responsibility, etc | by J.K.Mittal |
| 250 ## - EDITION STATEMENT | |
| Remainder of edition statement | 33rd ed. |
| 260 ## - PUBLICATION, DISTRIBUTION, ETC. (IMPRINT) | |
| Place of publication, distribution, etc | Gurgaon |
| Name of publisher, distributor, etc | Lexis Nexis |
| Date of publication, distribution, etc | 2017 |
| 270 ## - ADDRESS | |
| Address | 14th Floor ,Building N0-10,Tower-B DLF Cyber Cirty,Phase-II |
| City | Gurgaon(Haryana) |
| Postal code | 122002 |
| 300 ## - PHYSICAL DESCRIPTION | |
| Extent | 2v. (xxiv,1054 [cxi] p.; xxiv,1055-2539p.) |
| Dimensions | 24cm (pbk) |
| 942 ## - ADDED ENTRY ELEMENTS (KOHA) | |
| Source of classification or shelving scheme | Dewey Decimal Classification |
| Item type | English Books |
| Classification part | 343.5405522 |
| Withdrawn status | Lost status | Materials specified (bound volume or other part) | Not for loan | Collection code | Home library | Current library | Date acquired | Source of acquisition | Cost, normal purchase price | Full call number | Barcode | Copy number | Cost, replacement price | Koha item type |
|---|---|---|---|---|---|---|---|---|---|---|---|---|---|---|
| v.1 | Not For Loan | Non-fiction | D.B.Act.Division | D.B.Act.Division | 22/05/2017 | DBAD/PUB | 2250.00 | 343.5405522 | EN-101849 | 1 | 2250.00 | English Books | ||
| v.2 | Not For Loan | Non-fiction | D.B.Act.Division | D.B.Act.Division | 22/05/2017 | DBAD/PUB | 2250.00 | 343.5405522 | EN-101850 | 1 | 2250.00 | English Books |
